Central Library OPAC University of Rajshahi

Wild flowers of the Ceylon hills : (Record no. 72726)

MARC details
000 -LEADER
fixed length control field 00856nam a2200253 a 4500
001 - CONTROL NUMBER
control field 72726
003 - CONTROL NUMBER IDENTIFIER
rucl marc code BD-RjUL
005 - DATE AND TIME OF LATEST TRANSACTION
control field 20211209082313.0
008 - FIXED-LENGTH DATA ELEMENTS--GENERAL INFORMATION
fixed length control field 170522s1953 enka b 001 0 eng d
035 ## - SYSTEM CONTROL NUMBER
System control number (BD-RjUL)72944
040 ## - CATALOGING SOURCE
Original cataloging agency DLC
Transcribing agency CarP
Modifying agency BD-RjUL
Language of cataloging eng
041 ## - LANGUAGE CODE
Language code of text/sound track or separate title eng
082 ## - DEWEY DECIMAL CLASSIFICATION NUMBER
Edition number 23
Classification number 582.13095493
Author mark and year BOW 1953
100 1# - MAIN ENTRY--PERSONAL NAME
Personal name Bond, Thomas E. T.
9 (RLIN) 215123
245 10 - TITLE STATEMENT
Title Wild flowers of the Ceylon hills :
Remainder of title some familiar plants of the up-country districts /
Statement of responsibility, etc. Thomas E. T. Bond ; illustrated by Jessie & Thomas Bond
260 ## - PUBLICATION, DISTRIBUTION, ETC. (IMPRINT)
Place of publication, distribution, etc. Geoffrey :
Name of publisher, distributor, etc. Oxford University Press,
Date of publication, distribution, etc. 1953.
300 ## - PHYSICAL DESCRIPTION
Pagination xiii, 240 p. :
Illustrations ill. ;
Size 22 cm.
504 ## - BIBLIOGRAPHY, ETC. NOTE
Bibliography, etc Includes bibliographical footnotes and idexes.
650 #0 - SUBJECT ADDED ENTRY--TOPICAL TERM
Topical term or geographic name as entry element Wild flowers
Geographic subdivision Sri Lanka.
9 (RLIN) 215562
Topical term or geographic name as entry element Botany
Geographic subdivision Sri Lanka.
9 (RLIN) 215124
700 ## - ADDED ENTRY--PERSONAL NAME
Personal name Jessie
942 ## - ADDED ENTRY ELEMENTS (KOHA)
Source of classification or shelving scheme Dewey Decimal Classification
Koha item type Books
Holdings
Lost status Source of classification or shelving scheme Damaged status Not for loan Collection code Permanent Location Current Location Shelving location Date acquired Source of acquisition Cost, normal purchase price Total Checkouts Full call number Date last seen Copy number Koha item type
  Dewey Decimal Classification   Not For Loan Non-fiction Central Library, University of Rajshahi Central Library, University of Rajshahi Reading Room 02/05/1974 Oxford University Press. 0.00   582.13095493 BOW 1953 22/05/2017 C-1 Books